000 00696nam a2200217Ia 4500
003 GCL
008 140319s9999 xx 000 0 ara d
040 _aGCL /
_cGCL
082 0 4 _a220
_bم ن
100 1 _aمحمد الغزالى
245 1 0 _aنظرات فى القران /
_cمحمد الغزالى
260 _aالقاهرة :
_bنهضة مصر للطباعة والنشر والتوزيع ،
_c1996
300 _a231 ص ؛
_c24 سم
490 _aمحمد الغزالى
_v10
650 0 4 _aالاسلام
650 0 4 _aالاخلاق الاسلامية
650 0 4 _aالقران - اعجاز
650 0 4 _aالقران - فضائل
650 0 4 _aالقران
942 _2ddc
_cBK
999 _c49437
_d49437